Cantons de Suisse - Héraldique - Statistiques

Statistiques générales
  • Ce quiz a été pris 32 fois
  • Le résultat moyen est 16 sur 26
Statistiques - réponses
Hint Réponse % Correct
A quel canton appartient ce blasonnement ?
Coupé, au 1 d’argent chargé des mots LIBERTÉ ET PATRIE rangés sur trois lignes, aux lettres d’or bordées de sable, au 2 de sinople
Vaud
Vaud
79%
A quel canton appartient ce blasonnement ?
Tranché d'argent et de sinople, à deux lions léopardés d'or, armés, lampassés et vilenés de gueules, posés dans le sens du tranché
Thurgovie
Thurgovie
79%
A quel canton appartient ce blasonnement ?
De gueules au missionnaire Fridolin au naturel vêtu de sable, la tête de face nimbée d’or, tenant de la dextre un bourdon et de la senestre un livre, eux aussi d’or
Glaris
Glaris
75%
A quel canton appartient ce blasonnement ?
D’or au rencontre de taureau de sable, bouclé et lampassé de gueules
Uri
Uri
75%
A quel canton appartient ce blasonnement ?
D’argent à l’ours de sable rampant, armé, lampassé et vilené de gueules, flanqué des lettres V et R de sable
Appenzell RE
Appenzell Rhodes-Extérieures
75%
A quel canton appartient ce blasonnement ?
Parti, au 1, d'or, à une demi aigle bicéphale de sable, armée, languée et couronnée de gueules mouvant de la partition et au 2, de gueules, à la clé d'or, posée en pal
Genève
75%
A quel canton appartient ce blasonnement ?
Parti d’argent et de gueules, à treize étoiles, posées en trois pals, cinq de l'un à l'autre sur le trait du parti, accostées de huit de l'un en l'autre, quatre de gueules sur l'argent et quatre d'argent sur le gueules
Valais
Valais
75%
A quel canton appartient ce blasonnement ?
De gueules à la bande d’or à l’ours passant de sable armé, lampassé et vilené de gueules
Berne
Berne
75%
A quel canton appartient ce blasonnement ?
Coupé mi-parti en chef : au 1, parti de sable et d’argent ; au 2, écartelé d’azur et d’or à la croix de l’un en l’autre ; au 3, d’argent au bouquetin saillant de sable lampassé et vilené de gueules
Grisons
Grisons
71%
A quel canton appartient ce blasonnement ?
D’argent à l’ours de sable rampant, armé, lampassé et vilené de gueules de sable
Appenzell RI
Appenzell Rhodes-Intérieures
71%
A quel canton appartient ce blasonnement ?
Parti, au 1 de sable au trois fasces ondées d’argent ; au 2 d’azur, au trois étoiles d’argent
Argovie
Argovie
67%
A quel canton appartient ce blasonnement ?
Coupé de sable et d’argent
Fribourg
Fribourg
63%
A quel canton appartient ce blasonnement ?
D’argent à la fasce d’azur
Zoug
Zoug
63%
A quel canton appartient ce blasonnement ?
Tranché d’argent et d’azur
Zurich
Zurich
58%
A quel canton appartient ce blasonnement ?
D’or au bélier saillant de sable, lampassé de gueules, couronné, accorné, onglé et vilené du premier
Schaffhouse
Schaffhouse
58%
A quel canton appartient ce blasonnement ?
De gueules à la clé d’argent à double panneton
Nidwald
Nidwald
58%
A quel canton appartient ce blasonnement ?
Coupé de gueules et d’argent à la clé de l’un dans l’autre
Obwald
Obwald
54%
A quel canton appartient ce blasonnement ?
Coupé de gueules et d’argent
Soleure
Soleure
54%
A quel canton appartient ce blasonnement ?
De sinople au faisceau de licteur d’argent en pal, lié par un ruban croisé du champ aux cinq verges visibles et à une hache du second traversante, le fer tourné à dextre
Saint-Gall
Saint-Gall
54%
A quel canton appartient ce blasonnement ?
Parti, au 1, d’argent à la crosse de Bâle de gueules et au 2, de gueules, à trois fasces d’argent
Jura
Jura
50%
A quel canton appartient ce blasonnement ?
D'argent à la crosse de Bâle de gueules tournée à senestre, sa partie supérieure entourée de sept perles de même
Bâle-Campagne
Bâle-Campagne
46%
A quel canton appartient ce blasonnement ?
Parti d’azur et d’argent
Lucerne Lucerne
46%
A quel canton appartient ce blasonnement ?
D'argent à la crosse de Bâle de sable, tournée à dextre
Bâle-Ville
Bâle-Ville
46%
A quel canton appartient ce blasonnement ?
Parti de gueules et d’azur
Tessin
Tessin
42%
A quel canton appartient ce blasonnement ?
De gueules, à la croisette d'argent, au franc-quartier sénestre
Schwyz
Schwyz
42%
A quel canton appartient ce blasonnement ?
Tiercé en pal de sinople, d'argent et de gueules, une croisette du second canton
senestre du chef
Neuchâtel
Neuchâtel
38%
Aucun quiz correspondant
Distribution des résultats
% des personnes avec chaque résultat
Percentile par nombre de réponses
Votre historique - résultats
Vous n’avez pas pris ce quiz